| 000 | 00677nam a2200205Ia 4500 | ||
|---|---|---|---|
| 003 | GCL | ||
| 008 | 140319s9999 xx 000 0 ara d | ||
| 040 |
_aGCL / _cGCL |
||
| 082 | 0 | 4 |
_a956.9 _bح م |
| 100 | 1 | _aحسان على حلاق | |
| 245 | 1 | 0 |
_aموقف الدولة العثمانية من الحركة الصهيونية / _cحسان على حلاق |
| 700 | 1 | _aعبدالله التل | |
| 260 |
_a[S.N] : _bدار الهدى ، _c1990 |
||
| 490 |
_aخزانة فلسطين التاريخية _v0 |
||
| 650 | 0 | 4 | _aتاريخ |
| 650 | 0 | 4 | _aفلسطين |
| 650 | 0 | 4 | _aالقصة الفلسطينية |
| 650 | 0 | 4 | _aالحركة الصهيونية |
| 942 |
_2ddc _cBK |
||
| 999 |
_c53532 _d53532 |
||